000 00503nmm a2200157Ia 4500
008 251105s9999||||xx |||||||||||||||||und||
020 _a9789562846592
041 _aspa
100 _aTorres, Luis. Díaz, Luciano
245 0 _aLa voz y la memoria :
_b Antología de la poesía chilena en Canadá
264 _a[Santiago de Chile, Chile] :
_bRil editores,
_c2009
300 _a220 páginas
650 _aLatin American poetry
856 _uhttps://public.digitaliapublishing.com/a/29756
942 _cCF
999 _c94433
_d94433